Bands With Body Part Names - Statistics

General Stats
  • This quiz has been taken 812 times
    237 since last reset
  • The average score is 7 of 20
Answer Stats
Frontperson Known For Musical Artist % Correct
Thom Yorke "Creep", "Let Down" Radiohead
91%
David Byrne "Psycho Killer", "Once in a Lifetime" Talking Heads
78%
Nancy & Ann Wilson "Barracuda", "These Dreams" Heart
71%
Steve Harwell "All-Star", "Walking on the Sun" Smash Mouth
66%
Lemmy "Ace of Spades" Motörhead
63%
Trent Reznor "Head Like a Hole", "Closer" Nine Inch Nails
54%
Stephan Jenkins "Semi-Charmed Life", "How's It Going to Be" Third Eye Blind
39%
Rod Stewart "Stay With Me", "Ooh La La" Faces
38%
aka Don Van Vliet Trout Mask Replica, 5-octave vocal range Captain {Beefheart}
30%
Beth Gibbons Dummy, "Glory Box" Portishead
29%
Gibby Haynes "Pepper," Electriclarryland Butthole Surfers
23%
Wayne Coyne Yoshimi Battles the Pink Robots, "She Don't Use Jelly" The Flaming Lips
23%
Evan Dando It's a Shame About Ray, "Mrs. Robinson" The {Lemonhead}s
23%
Guy Garvey "One Day Like This", "Grounds for Divorce" Elbow
17%
Hubbins/Tufnel/Smalls Smell the Glove, "Stonehenge" Spinal Tap
16%
Tanya Donelly "Feed the Tree" Belly
11%
Pete Byrne "Always Something There to Remind Me" Naked Eyes
11%
Conor Oberst Fevers and Mirrors, I'm Wide Awake, It's Morning Bright Eyes
9%
Pete Ham "Come and Get It", "Without You" Badfinger
8%
James Mercer Oh Inverted World, Chutes Too Narrow The {Shin}s
8%
No matching quizzes found
Score Distribution
Percent of People with Each Score
Percentile by Number Answered
Your Score History
You have not taken this quiz since the last reset